Wings of fire (Record no. 4807)
[ view plain ]
| 000 -LEADER | |
|---|---|
| fixed length control field | 00392nam a2200169Ia 4500 |
| 008 - FIXED-LENGTH DATA ELEMENTS--GENERAL INFORMATION | |
| fixed length control field | 230711s9999||||xx |||||||||||||| ||und|| |
| 041 ## - LANGUAGE CODE | |
| Language code of text/sound track or separate title | ENG |
| 082 ## - DEWEY DECIMAL CLASSIFICATION NUMBER | |
| Classification number | 800 |
| Item number | AB-W |
| 100 ## - MAIN ENTRY--PERSONAL NAME | |
| Personal name | Abdul Kalam,APJ |
| 245 #0 - TITLE STATEMENT | |
| Title | Wings of fire |
| 250 ## - EDITION STATEMENT | |
| Edition statement | 1st . Ed. |
| 260 ## - PUBLICATION, DISTRIBUTION, ETC. | |
| Date of publication, distribution, etc. | 2002 |
| Place of publication, distribution, etc. | New Delhi |
| Name of publisher, distributor, etc. | University Science Press |
| 300 ## - PHYSICAL DESCRIPTION | |
| Extent | 180 |
| 650 ## - SUBJECT ADDED ENTRY--TOPICAL TERM | |
| Topical term or geographic name entry element | Literature |
| 700 ## - ADDED ENTRY--PERSONAL NAME | |
| Personal name | Tiwari,Arun |
| 942 ## - ADDED ENTRY ELEMENTS (KOHA) | |
| Koha item type | Book |
| Withdrawn status | Lost status | Damaged status | Not for loan | Collection | Home library | Current library | Date acquired | Total checkouts | Full call number | Barcode | Date due | Date last seen | Date last checked out | Price effective from | Koha item type |
|---|---|---|---|---|---|---|---|---|---|---|---|---|---|---|---|
| MRSPTU Central Library | MRSPTU Central Library | 2 | 800 AB-W | 16792 | 06/04/2026 | 09/15/2025 | 09/15/2025 | 08/17/2023 | Book | ||||||
| MRSPTU Central Library | MRSPTU Central Library | 8 | 800 AB-W | 16793 | 02/09/2026 | 01/19/2026 | 08/17/2023 | Book | |||||||
| MRSPTU Central Library | MRSPTU Central Library | 5 | 800 AB-W | 16794 | 10/01/2025 | 09/08/2025 | 08/17/2023 | Book | |||||||
| MRSPTU Central Library | MRSPTU Central Library | 5 | 800 AB-W | 16795 | 06/05/2025 | 05/07/2025 | 08/17/2023 | Book |
